| 000 | 01499nam a2200373 i 4500 | ||
|---|---|---|---|
| 001 | 768714001 | ||
| 003 | CO-MdFUSB | ||
| 005 | 20260416164001.0 | ||
| 007 | ta | ||
| 008 | 241117t2007 -us||||| |||| 001 0 spa d | ||
| 020 | _a978-1-59979-115-9 | ||
| 040 |
_bspa. _aCO-MdFUSB _cCO-MdFUSB _dCO-MdFUSBC _erda |
||
| 041 |
_aspa _heng |
||
| 082 |
_223 _a261.2 _bH141 |
||
| 100 |
_aHagee, John, _eautor |
||
| 240 | _aIn defense of Israel. | ||
| 245 |
_aEn defensa de Israel _c/ John Hagee |
||
| 264 | 1 |
_aLake Mary, FLorida : _bCasa Creación, _c[2007] |
|
| 264 | 4 | _c©2007 | |
| 300 |
_a207 páginas _c; 22 cm |
||
| 336 |
_2rdacontent _atexto _btxt |
||
| 337 |
_2rdamedia _asin mediación _bn |
||
| 338 |
_2rdacarrier _avolumen _bnc |
||
| 500 | _aIncluye índice | ||
| 505 | _aEs 1938... Otra vez.-- Mi amor de toda la vida por Israel.-- Pecados de los padres.-- "Una sola noche" se convierte en muchas.-- Los pueblos del Oriente Medio.-- Las religiones del Oriente Medio.-- Revolución e islamismo radical.-- Nuestra deuda con el pueblo judío.-- Honrar a Israel trae la bendición de Dios.-- Respuestas a los críticos cristianos.-- Respuestas a los críticos seculares.-- "¡Israel vive!"-- Notas. | ||
| 563 | _aRústico | ||
| 650 | 7 |
_aCristianismo _922 |
|
| 653 | _aIsrael — Relaciones — Cristianismo | ||
| 653 | _aCristianismo y política | ||
| 653 | _aIsrael — Historia moderna | ||
| 653 | _aSionismo cristiano | ||
| 942 | _cBK | ||
| 945 | _aCatherine Arias Alvarez | ||
| 999 |
_c71216 _d71216 |
||